Visualizzazione normale
Vista MARC
- Ramazzotti Eros
di Personal Name
Records bibliografici associati: 1
001 - CONTROL NUMBER
- control field: 23305
003 - CONTROL NUMBER IDENTIFIER
- control field: IT-RoPau
005 - DATE AND TIME OF LATEST TRANSACTION
- control field: 20140501094218.0
008 - FIXED-LENGTH DATA ELEMENTS
- fixed length control field: 140501|| aca||aabn | a|a d
040 ## - CATALOGING SOURCE
- Original cataloging agency: IT-RoPau
- Transcribing agency: IT-RoPau
100 ## - HEADING--PERSONAL NAME
- Personal name: Ramazzotti Eros
- Relator term: Autore
- Miscellaneous information: Codice autore SPICS: 9804
670 ## - SOURCE DATA FOUND
- Source citation: Work cat.: (IT-RoPau)101381: Cassano Piero 23301, In certi momenti (Lp Ddd 460445)